| 000 | 00950nam a2200325 i 4500 | ||
|---|---|---|---|
| 001 | 000046285 | ||
| 003 | DO-SdBNP | ||
| 005 | 20230509094316.0 | ||
| 007 | ta | ||
| 008 | 110303s2009 dr 000 0 spa d | ||
| 020 | _a9789766202521 | ||
| 040 |
_aDO-SdBNP _bspa _cBNPHU _erda |
||
| 082 |
_bD598 _222 |
||
| 110 | _983335 | ||
| 111 | _974299 | ||
| 245 | 1 | 0 |
_aDirectory of caribbean agricultural information sources / _cedittd by Shamin Renwick, Claudette de Freitas, Liz M. Pagán |
| 264 |
_aTrinidad and Tobago : _bThe University of the West Indies, _c2009 |
||
| 300 |
_a105 paginas. ; _c22 cm. |
||
| 336 |
_2rdacontent _atexto _btxt |
||
| 337 |
_2rdamedia _asin mediación _bn |
||
| 338 |
_2rdacarrier _avolumen _bnc |
||
| 590 | _ainventariado, 2023 / DG | ||
| 650 | _955292 | ||
| 650 | _974301 | ||
| 650 | _933375 | ||
| 700 |
_aFreitas, Claudette de _983341 |
||
| 700 |
_aPagán, Liz M. _983342 |
||
| 910 | _aDG | ||
| 942 |
_2ddc _cLBS1 |
||
| 999 |
_c53446 _d53446 |
||